<?xml version="1.0" encoding="UTF-8"?>
<record
    xmlns:xsi="http://www.w3.org/2001/XMLSchema-instance"
    xsi:schemaLocation="http://www.loc.gov/MARC21/slim http://www.loc.gov/standards/marcxml/schema/MARC21slim.xsd"
    xmlns="http://www.loc.gov/MARC21/slim">

  <leader>02216nam0a2200397   4500</leader>
  <controlfield tag="001">RU\NLR\bibl\1836118</controlfield>
  <controlfield tag="005">20260405101225.0</controlfield>
  <datafield tag="010" ind1=" " ind2=" ">
    <subfield code="a">978-5-902754-63-3</subfield>
    <subfield code="9">300</subfield>
  </datafield>
  <datafield tag="021" ind1=" " ind2=" ">
    <subfield code="a">RU</subfield>
    <subfield code="b">2011-83851</subfield>
    <subfield code="9">5974</subfield>
  </datafield>
  <datafield tag="035" ind1=" " ind2=" ">
    <subfield code="a">(NLR Aleph) 001826604</subfield>
  </datafield>
  <datafield tag="090" ind1=" " ind2=" ">
    <subfield code="a">2079817</subfield>
    <subfield code="c">2079817</subfield>
  </datafield>
  <datafield tag="100" ind1=" " ind2=" ">
    <subfield code="a">20111118d2011    |||y0rusy50      ca</subfield>
  </datafield>
  <datafield tag="101" ind1="0" ind2=" ">
    <subfield code="a">rus</subfield>
    <subfield code="d">eng</subfield>
  </datafield>
  <datafield tag="102" ind1=" " ind2=" ">
    <subfield code="a">RU</subfield>
  </datafield>
  <datafield tag="105" ind1=" " ind2=" ">
    <subfield code="a">ab  |||||||||</subfield>
  </datafield>
  <datafield tag="200" ind1="1" ind2=" ">
    <subfield code="a">&#x41E;&#x43F;&#x430;&#x441;&#x43D;&#x44B;&#x435; &#x433;&#x435;&#x43E;&#x43B;&#x43E;&#x433;&#x438;&#x447;&#x435;&#x441;&#x43A;&#x438;&#x435; &#x43F;&#x440;&#x43E;&#x446;&#x435;&#x441;&#x441;&#x44B; &#x43D;&#x430; &#x42E;&#x433;&#x435; &#x42F;&#x43A;&#x443;&#x442;&#x438;&#x438; &#x438; &#x441;&#x43E;&#x43F;&#x440;&#x435;&#x434;&#x435;&#x43B;&#x44C;&#x43D;&#x44B;&#x445; &#x442;&#x435;&#x440;&#x440;&#x438;&#x442;&#x43E;&#x440;&#x438;&#x44F;&#x445;</subfield>
    <subfield code="d">Hazardous geological processes in the South of Yakutia and adjacent territories</subfield>
    <subfield code="z">eng</subfield>
    <subfield code="f">&#x412;.&#x41A;. &#x41B;&#x430;&#x43F;&#x435;&#x440;&#x434;&#x438;&#x43D;, &#x412;.&#x421;. &#x418;&#x43C;&#x430;&#x435;&#x432;, &#x418;.&#x418;. &#x412;&#x435;&#x440;&#x445;&#x43E;&#x437;&#x438;&#x43D; [&#x438; &#x434;&#x440;.]</subfield>
    <subfield code="g">&#x43E;&#x442;&#x432;. &#x440;&#x435;&#x434;. &#x434;.&#x433;.-&#x43C;.&#x43D;., &#x43F;&#x440;&#x43E;&#x444;. &#x420;.&#x41C;. &#x421;&#x435;&#x43C;&#x435;&#x43D;&#x43E;&#x432;</subfield>
    <subfield code="g">[&#x421;&#x438;&#x431;. &#x43E;&#x442;&#x434;-&#x43D;&#x438;&#x435; &#x420;&#x410;&#x41D;, &#x418;&#x43D;-&#x442; &#x437;&#x435;&#x43C;&#x43D;&#x43E;&#x439; &#x43A;&#x43E;&#x440;&#x44B;]</subfield>
  </datafield>
  <datafield tag="210" ind1=" " ind2=" ">
    <subfield code="a">&#x418;&#x440;&#x43A;&#x443;&#x442;&#x441;&#x43A;</subfield>
    <subfield code="c">&#x418;&#x43D;&#x441;&#x442;&#x438;&#x442;&#x443;&#x442; &#x437;&#x435;&#x43C;&#x43D;&#x43E;&#x439; &#x43A;&#x43E;&#x440;&#x44B; &#x421;&#x41E; &#x420;&#x410;&#x41D;</subfield>
    <subfield code="d">2011</subfield>
  </datafield>
  <datafield tag="215" ind1=" " ind2=" ">
    <subfield code="a">239 &#x441;.</subfield>
    <subfield code="c">&#x438;&#x43B;., &#x446;&#x432;. &#x438;&#x43B;., &#x43A;&#x430;&#x440;&#x442;.</subfield>
    <subfield code="d">24</subfield>
  </datafield>
  <datafield tag="300" ind1=" " ind2=" ">
    <subfield code="a">&#x41D;&#x430; 4-&#x439; &#x441;. &#x43E;&#x431;&#x43B;. &#x430;&#x432;&#x442;.: &#x41B;&#x430;&#x43F;&#x435;&#x440;&#x434;&#x438;&#x43D; &#x412;.&#x41A;., &#x434;.&#x433;.&#x43C;.&#x43D;., &#x418;&#x43C;&#x430;&#x435;&#x432; &#x412;.&#x421;., &#x434;.&#x433;.&#x43C;.&#x43D;., &#x43F;&#x440;&#x43E;&#x444;., &#x434;&#x435;&#x439;&#x441;&#x442;&#x432;. &#x447;&#x43B;. &#x410;&#x43A;&#x430;&#x434;. &#x43D;&#x430;&#x443;&#x43A; &#x421;&#x430;&#x445;&#x430; (&#x42F;&#x43A;&#x443;&#x442;&#x438;&#x44F;), &#x412;&#x435;&#x440;&#x445;&#x43E;&#x437;&#x438;&#x43D; &#x418;.&#x418;., &#x43A;.&#x433;.&#x43C;.&#x43D;., &#x434;&#x43E;&#x446;.</subfield>
  </datafield>
  <datafield tag="300" ind1=" " ind2=" ">
    <subfield code="a">&#x420;&#x435;&#x437;. &#x43D;&#x430; &#x430;&#x43D;&#x433;&#x43B;. &#x44F;&#x437;.</subfield>
  </datafield>
  <datafield tag="320" ind1=" " ind2=" ">
    <subfield code="a">&#x411;&#x438;&#x431;&#x43B;&#x438;&#x43E;&#x433;&#x440;.: &#x441;. 225-239</subfield>
  </datafield>
  <datafield tag="510" ind1="0" ind2=" ">
    <subfield code="a">Hazardous geological processes in the South of Yakutia and adjacent territories</subfield>
    <subfield code="z">eng</subfield>
  </datafield>
  <datafield tag="606" ind1="1" ind2=" ">
    <subfield code="a">&#x41E;&#x43F;&#x430;&#x441;&#x43D;&#x44B;&#x435; &#x433;&#x435;&#x43E;&#x43B;&#x43E;&#x433;&#x438;&#x447;&#x435;&#x441;&#x43A;&#x438;&#x435; &#x43F;&#x440;&#x43E;&#x446;&#x435;&#x441;&#x441;&#x44B;</subfield>
    <subfield code="y">&#x421;&#x430;&#x445;&#x430; (&#x42F;&#x43A;&#x443;&#x442;&#x438;&#x44F;), &#x420;&#x435;&#x441;&#x43F;&#x443;&#x431;&#x43B;&#x438;&#x43A;&#x430;</subfield>
    <subfield code="9">2628733</subfield>
    <subfield code="3">RU\NLR\auth\661565293</subfield>
  </datafield>
  <datafield tag="686" ind1=" " ind2=" ">
    <subfield code="a">&#x414;389(2&#x420;54-6&#x42F;)</subfield>
  </datafield>
  <datafield tag="686" ind1=" " ind2=" ">
    <subfield code="a">&#x414;492(2&#x420;54-6&#x42F;)</subfield>
  </datafield>
  <datafield tag="701" ind1=" " ind2="1">
    <subfield code="a">&#x41B;&#x430;&#x43F;&#x435;&#x440;&#x434;&#x438;&#x43D;</subfield>
    <subfield code="b">&#x412;. &#x41A;.</subfield>
    <subfield code="g">&#x412;&#x430;&#x43B;&#x435;&#x440;&#x438;&#x439; &#x41A;&#x438;&#x440;&#x438;&#x43B;&#x43B;&#x43E;&#x432;&#x438;&#x447;</subfield>
    <subfield code="4">070</subfield>
  </datafield>
  <datafield tag="701" ind1=" " ind2="1">
    <subfield code="a">&#x418;&#x43C;&#x430;&#x435;&#x432;</subfield>
    <subfield code="b">&#x412;. &#x421;.</subfield>
    <subfield code="g">&#x412;&#x430;&#x43B;&#x435;&#x440;&#x438;&#x439; &#x421;&#x443;&#x43B;&#x435;&#x439;&#x43C;&#x430;&#x43D;&#x43E;&#x432;&#x438;&#x447;</subfield>
    <subfield code="4">070</subfield>
  </datafield>
  <datafield tag="701" ind1=" " ind2="1">
    <subfield code="a">&#x412;&#x435;&#x440;&#x445;&#x43E;&#x437;&#x438;&#x43D;</subfield>
    <subfield code="b">&#x418;. &#x418;.</subfield>
    <subfield code="g">&#x418;&#x432;&#x430;&#x43D; &#x418;&#x432;&#x430;&#x43D;&#x43E;&#x432;&#x438;&#x447;</subfield>
    <subfield code="4">070</subfield>
  </datafield>
  <datafield tag="702" ind1=" " ind2="1">
    <subfield code="4">340</subfield>
    <subfield code="8">rus</subfield>
    <subfield code="7">ca</subfield>
    <subfield code="a">&#x421;&#x435;&#x43C;&#x435;&#x43D;&#x43E;&#x432;</subfield>
    <subfield code="b">&#x420;. &#x41C;.</subfield>
    <subfield code="c">&#x434;-&#x440; &#x433;&#x435;&#x43E;&#x43B;.-&#x43C;&#x438;&#x43D;&#x435;&#x440;&#x430;&#x43B;. &#x43D;&#x430;&#x443;&#x43A;</subfield>
    <subfield code="g">&#x420;&#x443;&#x434;&#x43E;&#x43B;&#x44C;&#x444; &#x41C;&#x438;&#x445;&#x430;&#x439;&#x43B;&#x43E;&#x432;&#x438;&#x447;</subfield>
    <subfield code="3">RU\NLR\auth\7737212</subfield>
    <subfield code="9">20201</subfield>
  </datafield>
  <datafield tag="801" ind1=" " ind2="0">
    <subfield code="a">RU</subfield>
    <subfield code="b">NLR</subfield>
    <subfield code="c">20111118</subfield>
    <subfield code="g">RCR</subfield>
  </datafield>
  <datafield tag="801" ind1=" " ind2="1">
    <subfield code="a">RU</subfield>
    <subfield code="b">NLR</subfield>
    <subfield code="c">20111118</subfield>
  </datafield>
  <datafield tag="942" ind1=" " ind2=" ">
    <subfield code="c">BOOK</subfield>
  </datafield>
  <datafield tag="980" ind1=" " ind2=" ">
    <subfield code="a">NB</subfield>
  </datafield>
  <datafield tag="980" ind1=" " ind2=" ">
    <subfield code="a">NBR</subfield>
  </datafield>
  <datafield tag="995" ind1=" " ind2=" ">
    <subfield code="5">2011-11-18</subfield>
    <subfield code="a">ad</subfield>
    <subfield code="b">NLR01</subfield>
    <subfield code="c">NLR01</subfield>
    <subfield code="e">RF8</subfield>
    <subfield code="f">1-2012069</subfield>
    <subfield code="k">2011-7/6055</subfield>
    <subfield code="o">0</subfield>
    <subfield code="r">BOOK</subfield>
    <subfield code="s">201176055_</subfield>
  </datafield>
  <datafield tag="995" ind1=" " ind2=" ">
    <subfield code="5">2011-11-18</subfield>
    <subfield code="a">ad</subfield>
    <subfield code="b">NLR01</subfield>
    <subfield code="c">NLR01</subfield>
    <subfield code="e">RF8</subfield>
    <subfield code="f">3536448</subfield>
    <subfield code="k">2011-7/6055</subfield>
    <subfield code="o">0</subfield>
    <subfield code="r">BOOK</subfield>
    <subfield code="s">201176055_</subfield>
  </datafield>
</record>
